[Event "MEX-ch"]
[Site "Guadalajara"]
[Date "2005.??.??"]
[Round "7"]
[White "Fernandez Gonzalez, Juan Carlos"]
[Black "Quesada Perez, Yuniesky"]
[Result "1-0"]
[WhiteElo "2473"]
[BlackElo "2505"]
[PlyCount "153"]
[EventDate "2005.03.22"]
[EventType "swiss"]
[EventRounds "9"]
[EventCountry "MEX"]
[SourceTitle "EXT 2006"]
[Source "ChessBase"]
[SourceDate "2005.11.24"]
[SourceVersion "1"]
[SourceVersionDate "2005.11.24"]
[SourceQuality "1"]

1. Nf3 Nf6 2. c4 e6 3. g3 d5 4. Bg2 dxc4 5. Qa4+ c6 6. Qxc4 b5 7. Qc2 Bb7 8. 0-0 Nbd7 9. a4 Rc8 10. d3 a6 11. Nbd2 Nb6 12. b3 Be7 13. Bb2 0-0 14. Rfc1 Nbd7 15. Ne5 Nxe5 16. Bxe5 Qb6 17. Bxf6 Bxf6 18. Ra2 Be7 19. Ne4 c5 20. axb5 axb5 21. Rca1 Rc7 22. Ra5 Rfc8 23. Qb1 f5 24. Nd2 Bf6 25. R1a2 Bc3 26. Ra7 Bxg2 27. Rxc7 Rxc7 28. Kxg2 Qc6+ 29. Nf3 h6 30. Qc1 b4 31. h4 e5 32. h5 Qe8 33. Qe3 Kh7 34. Ra5 Qxh5 35. Nxe5 Bd4 36. Qf3 Qxf3+ 37. Nxf3 Bc3 38. Nh4 Re7 39. Kf1 Re5 40. Ra7 Rd5 41. Ng2 Bd4 42. e3 Be5 43. Ke2 Kg8 44. Nh4 Bf6 45. Ng6 Rd6 46. f4 Re6 47. Rd7 Ra6 48. e4 Ra2+ 49. Kf3 fxe4+ 50. dxe4 c4 51. e5 cxb3 52. exf6 gxf6 53. Rd1 Rc2 54. Rb1 b2 55. Ne7+ Kf7 56. Nd5 b3 57. Nb4 Rc3+ 58. Kg4 h5+ 59. Kh3 Ke6 60. Rxb2 Kf5 61. Re2 Kg6 62. Re1 Rc4 63. Nd3 Rc3 64. Nb2 Kf5 65. Re2 Kg6 66. Rd2 Kf5 67. Rd3 Rxd3 68. Nxd3 Kg6 69. Kg2 f5 70. Kf3 Kf6 71. Ke3 Ke7 72. Kd4 Kd6 73. Kc4 Kc6 74. Ne5+ Kd6 75. Kxb3 Kd5 76. Ng6 Ke4 77. Nh4 1-0

[Event "Barbera del Valles op"]
[Site "Barbera del Valles"]
[Date "1995.??.??"]
[Round "6"]
[White "Gomez Esteban, Juan Mario"]
[Black "Fernandez Gonzalez, Juan Carlos"]
[Result "1-0"]
[WhiteElo "2425"]
[BlackElo "2410"]
[PlyCount "73"]
[EventDate "1995.07.??"]
[EventType "swiss"]
[EventRounds "9"]
[EventCountry "ESP"]
[SourceTitle "EXT 1997"]
[Source "ChessBase"]
[SourceDate "1996.11.15"]
[SourceVersion "1"]
[SourceVersionDate "1996.11.15"]
[SourceQuality "1"]

1. d4 Nf6 2. c4 e6 3. Nf3 Bb4+ 4. Nbd2 b6 5. a3 Bxd2+ 6. Bxd2 Bb7 7. Bg5 h6 8. Bh4 d6 9. e3 Nbd7 10. Be2 0-0 11. 0-0 c5 12. b4 Qc7 13. Nd2 Rfe8 14. f3 a5 15. bxc5 bxc5 16. Bf2 Rab8 17. Rb1 Bc6 18. Qc2 Rxb1 19. Nxb1 Rb8 20. Nc3 cxd4 21. exd4 a4 22. Rb1 Rxb1+ 23. Qxb1 Qa5 24. Qb4 Qxb4 25. axb4 a3 26. b5 Bb7 27. Be3 e5 28. dxe5 Nxe5 29. Bc1 d5 30. cxd5 Nxd5 31. Nxd5 Bxd5 32. Bxa3 g5 33. Kf2 f5 34. Ke3 Bb7 35. Kd4 Nd7 36. Bc4+ Kh7 37. Be6 1-0

[Event "Havana op"]
[Site "Havana"]
[Date "1994.??.??"]
[Round "6"]
[White "Fernandez Gonzalez, Juan Carlos"]
[Black "Nogueiras Santiago, Jesus"]
[Result "1/2-1/2"]
[WhiteElo "2395"]
[BlackElo "2550"]
[PlyCount "50"]
[EventDate "1994.04.??"]
[EventType "swiss"]
[EventRounds "9"]
[EventCountry "CUB"]
[SourceTitle "EXT 1997"]
[Source "ChessBase"]
[SourceDate "1996.11.15"]
[SourceVersion "1"]
[SourceVersionDate "1996.11.15"]
[SourceQuality "1"]

1. d4 Nf6 2. Nf3 e6 3. g3 c5 4. Bg2 Qc7 5. 0-0 cxd4 6. Nxd4 a6 7. Nc3 Be7 8. a4 0-0 9. a5 d5 10. Nb3 Nc6 11. Be3 Bd7 12. Bb6 Qc8 13. e4 dxe4 14. Nxe4 Nd5 15. Bc5 Re8 16. c4 Nf6 17. Bxe7 Nxe4 18. Bh4 f5 19. f3 Nf6 20. Bxf6 gxf6 21. Nc5 Ne5 22. Nxd7 Nxd7 23. b4 Ne5 24. f4 Rd8 25. Qe1 Nc6 1/2-1/2

[Event "Havana op"]
[Site "Havana"]
[Date "1994.??.??"]
[Round "5"]
[White "Paneque, Pedro"]
[Black "Fernandez Gonzalez, Juan Carlos"]
[Result "0-1"]
[WhiteElo "2410"]
[BlackElo "2395"]
[PlyCount "76"]
[EventDate "1994.04.??"]
[EventType "swiss"]
[EventRounds "9"]
[EventCountry "CUB"]
[SourceTitle "EXT 1997"]
[Source "ChessBase"]
[SourceDate "1996.11.15"]
[SourceVersion "1"]
[SourceVersionDate "1996.11.15"]
[SourceQuality "1"]

1. c4 c5 2. Nf3 Nf6 3. Nc3 Nc6 4. g3 g6 5. d4 cxd4 6. Nxd4 Nxd4 7. Qxd4 Bg7 8. Bg2 0-0 9. 0-0 d6 10. Qh4 Qa5 11. Rd1 Qb4 12. Nd5 Nxd5 13. Bxd5 Bf6 14. a3 Qb3 15. Bg5 Qxb2 16. Rab1 Qe5 17. Bxf6 exf6 18. e4 Kg7 19. Rd3 f5 20. f4 Qf6 21. Qxf6+ Kxf6 22. Bxb7 Rb8 23. e5+ dxe5 24. fxe5+ Kxe5 25. Re1+ Kf6 26. Rd6+ Be6 27. Bd5 Rb6 28. Rxb6 axb6 29. Rb1 Bxd5 30. cxd5 Rb8 31. Rb5 Ke5 32. a4 Kd6 33. Kf2 Kc7 34. Kf3 Ra8 35. Rb4 Ra5 36. Rc4+ Kd6 37. Rh4 h5 38. Rb4 Kc5 0-1

[Event "Havana op"]
[Site "Havana"]
[Date "1994.??.??"]
[Round "3"]
[White "Rodriguez Vila, Andres"]
[Black "Fernandez Gonzalez, Juan Carlos"]
[Result "1/2-1/2"]
[WhiteElo "2435"]
[BlackElo "2395"]
[PlyCount "41"]
[EventDate "1994.04.??"]
[EventType "swiss"]
[EventRounds "9"]
[EventCountry "CUB"]
[SourceTitle "EXT 1997"]
[Source "ChessBase"]
[SourceDate "1996.11.15"]
[SourceVersion "1"]
[SourceVersionDate "1996.11.15"]
[SourceQuality "1"]

1. e4 e5 2. Nf3 Nc6 3. Bb5 d6 4. d4 Bd7 5. Nc3 exd4 6. Nxd4 g6 7. 0-0 Bg7 8. Bxc6 bxc6 9. Bf4 Nf6 10. Qd2 0-0 11. Bh6 Re8 12. Bxg7 Kxg7 13. Rfe1 c5 14. Nb3 Bc6 15. f3 a5 16. Qd3 a4 17. Nd2 Nh5 18. Nc4 Nf4 19. Qd2 Qf6 20. Rad1 Rab8 21. b3 1/2-1/2

[Event "San Fernando op"]
[Site "San Fernando"]
[Date "1991.??.??"]
[Round "?"]
[White "Glavina, Pablo"]
[Black "Fernandez Gonzalez, Juan Carlos"]
[Result "1-0"]
[WhiteElo "2380"]
[BlackElo "2395"]
[PlyCount "55"]
[EventDate "1991.06.??"]
[EventType "swiss"]
[EventRounds "9"]
[EventCountry "ARG"]
[SourceTitle "EXT 1997"]
[Source "ChessBase"]
[SourceDate "1996.11.15"]
[SourceVersion "1"]
[SourceVersionDate "1996.11.15"]
[SourceQuality "1"]

1. d4 d5 2. c4 e6 3. Nf3 Nf6 4. g3 Nbd7 5. Bg2 c5 6. 0-0 Be7 7. cxd5 exd5 8. Nc3 cxd4 9. Nxd4 Nb6 10. a4 0-0 11. Qb3 Bc5 12. Rd1 h6 13. a5 Nc4 14. Nxd5 Nxa5 15. Qc3 Bxd4 16. Qxd4 Nb3 17. Nxf6+ Qxf6 18. Qxf6 gxf6 19. Bxh6 Re8 20. Ra3 Nc5 21. Be3 Ne4 22. Bxe4 Rxe4 23. Rd8+ Kg7 24. Rc3 a5 25. Rcxc8 Ra6 26. Rg8+ Kh7 27. Rh8+ Kg6 28. Rcg8+ 1-0

[Event "Capablanca Memorial-18 Group A"]
[Site "Cienfuegos"]
[Date "1983.05.??"]
[Round "?"]
[White "Fernandez Gonzalez, Juan Carlos"]
[Black "Bielczyk, Jacek"]
[Result "1/2-1/2"]
[WhiteElo "2410"]
[BlackElo "2410"]
[PlyCount "44"]
[EventDate "1983.05.??"]
[EventType "tourn"]
[EventRounds "11"]
[EventCountry "CUB"]
[EventCategory "8"]
[SourceTitle "MCD"]
[Source "ChessBase"]
[SourceDate "1999.07.01"]
[SourceVersion "1"]
[SourceVersionDate "1999.07.01"]
[SourceQuality "1"]

1. d4 Nf6 2. c4 d6 3. Nc3 Nbd7 4. e4 e5 5. Nf3 g6 6. Be2 Bg7 7. 0-0 0-0 8. Be3 a6 9. d5 Ng4 10. Bd2 f5 11. Ng5 Ndf6 12. Qb3 Kh8 13. Rad1 Qe7 14. c5 dxc5 15. d6 Qxd6 16. Nf7+ Rxf7 17. Qxf7 Qe6 18. Qxe6 Bxe6 19. f3 Nh6 20. Be3 Bf8 21. Rd2 f4 22. Bf2 Nf7 1/2-1/2

[Event "Capablanca Memorial-18 Group A"]
[Site "Cienfuegos"]
[Date "1983.05.??"]
[Round "?"]
[White "Fernandez Gonzalez, Juan Carlos"]
[Black "Hernandez Onna, Roman"]
[Result "1/2-1/2"]
[WhiteElo "2410"]
[BlackElo "2435"]
[PlyCount "23"]
[EventDate "1983.05.??"]
[EventType "tourn"]
[EventRounds "11"]
[EventCountry "CUB"]
[EventCategory "8"]
[SourceTitle "MCD"]
[Source "ChessBase"]
[SourceDate "1999.07.01"]
[SourceVersion "1"]
[SourceVersionDate "1999.07.01"]
[SourceQuality "1"]

1. e4 e5 2. Nf3 Nc6 3. Bb5 a6 4. Ba4 Nf6 5. d4 exd4 6. 0-0 Be7 7. Re1 0-0 8. e5 Ne8 9. c3 dxc3 10. Nxc3 d6 11. exd6 cxd6 12. Bf4 1/2-1/2

[Event "Capablanca Memorial-18 Group A"]
[Site "Cienfuegos"]
[Date "1983.05.??"]
[Round "?"]
[White "Fernandez Gonzalez, Juan Carlos"]
[Black "Prandstetter, Eduard"]
[Result "1/2-1/2"]
[WhiteElo "2410"]
[BlackElo "2430"]
[PlyCount "57"]
[EventDate "1983.05.??"]
[EventType "tourn"]
[EventRounds "11"]
[EventCountry "CUB"]
[EventCategory "8"]
[SourceTitle "MCD"]
[Source "ChessBase"]
[SourceDate "1999.07.01"]
[SourceVersion "1"]
[SourceVersionDate "1999.07.01"]
[SourceQuality "1"]

1. d4 Nf6 2. c4 e6 3. Nf3 b6 4. Nc3 Bb7 5. a3 Ne4 6. Nxe4 Bxe4 7. e3 Be7 8. Be2 0-0 9. 0-0 d6 10. Nd2 Bb7 11. Bf3 Bxf3 12. Nxf3 d5 13. Qc2 dxc4 14. Qxc4 c5 15. dxc5 Bxc5 16. b4 Be7 17. Bb2 Nd7 18. Rad1 Qe8 19. Qc7 Nf6 20. Ne5 Nd5 21. Rxd5 exd5 22. Nd7 Qd8 23. Qg3 f6 24. Nxf8 Qxf8 25. Qg4 Qc8 26. Qd4 Qc4 27. Qd2 Qb5 28. Rc1 a5 29. bxa5 1/2-1/2

[Event "Capablanca Memorial-18 Group A"]
[Site "Cienfuegos"]
[Date "1983.05.??"]
[Round "?"]
[White "Fernandez Gonzalez, Juan Carlos"]
[Black "Rivas Pastor, Manuel"]
[Result "1/2-1/2"]
[WhiteElo "2410"]
[BlackElo "2465"]
[PlyCount "101"]
[EventDate "1983.05.??"]
[EventType "tourn"]
[EventRounds "11"]
[EventCountry "CUB"]
[EventCategory "8"]
[SourceTitle "MCD"]
[Source "ChessBase"]
[SourceDate "1999.07.01"]
[SourceVersion "1"]
[SourceVersionDate "1999.07.01"]
[SourceQuality "1"]

1. d4 d5 2. c4 c6 3. Nc3 Nf6 4. e3 e6 5. Nf3 Nbd7 6. Bd3 dxc4 7. Bxc4 b5 8. Bd3 a6 9. e4 c5 10. e5 cxd4 11. Nxb5 axb5 12. exf6 Qb6 13. 0-0 Bb7 14. Qe2 Bc6 15. Be4 Bxe4 16. Qxe4 Rd8 17. fxg7 Bxg7 18. Bg5 f6 19. Bd2 Nc5 20. Qh4 0-0 21. Bb4 e5 22. Rac1 Rd5 23. Qh3 Re8 24. Bxc5 Rxc5 25. Nh4 e4 26. Nf5 Bf8 27. Qb3+ Kh8 28. Qf7 Rxc1 29. Rxc1 Qe6 30. Qxe6 Rxe6 31. Nxd4 Rd6 32. Nb3 f5 33. g3 Kg7 34. Kf1 Kg6 35. Ke2 b4 36. Na5 Rd7 37. Nc6 Kf6 38. Rc4 Rb7 39. f3 exf3+ 40. Kxf3 Bd6 41. Rd4 Bf8 42. Rd8 Bc5 43. Rd5 Bf8 44. Nd4 Kg6 45. Ra5 Rd7 46. Ne6 Bh6 47. Nf4+ Bxf4 48. Kxf4 Rd2 49. Ra6+ Kh5 50. h3 Rf2+ 51. Ke3 1/2-1/2

[Event "Capablanca Memorial-18 Group A"]
[Site "Cienfuegos"]
[Date "1983.05.??"]
[Round "?"]
[White "Fernandez Gonzalez, Juan Carlos"]
[Black "Zapata, Alonso"]
[Result "0-1"]
[WhiteElo "2410"]
[BlackElo "2425"]
[PlyCount "82"]
[EventDate "1983.05.??"]
[EventType "tourn"]
[EventRounds "11"]
[EventCountry "CUB"]
[EventCategory "8"]
[SourceTitle "MCD"]
[Source "ChessBase"]
[SourceDate "1999.07.01"]
[SourceVersion "1"]
[SourceVersionDate "1999.07.01"]
[SourceQuality "1"]

1. d4 Nf6 2. Nf3 g6 3. Bf4 Bg7 4. e3 0-0 5. h3 d6 6. Be2 c5 7. c3 b6 8. Bh2 Bb7 9. 0-0 Nbd7 10. Nbd2 Qc7 11. a4 a6 12. Qb1 Rfe8 13. Rd1 Rad8 14. Bc4 Qc6 15. e4 b5 16. Bf1 e5 17. d5 Qb6 18. b3 Rb8 19. Qc2 Nh5 20. Ra2 Nf8 21. axb5 axb5 22. Rda1 Bc8 23. Ra7 Qd8 24. Qa2 Bf6 25. Qa5 Bd7 26. Qxd8 Bxd8 27. c4 b4 28. g4 Ng7 29. Ne1 h5 30. Be2 Bg5 31. Nef3 Be7 32. Ne1 f5 33. f3 Bg5 34. Nf1 Bc8 35. Nd3 Nd7 36. Rc7 hxg4 37. hxg4 fxe4 38. fxe4 Rf8 39. Raa7 Rf7 40. Rc6 Ne8 41. Nf2 Bb7 0-1

[Event "Cuba"]
[Site "Cuba"]
[Date "1983.??.??"]
[Round "?"]
[White "Boudy Bueno, Julio Leonardo"]
[Black "Fernandez Gonzalez, Juan Carlos"]
[Result "1-0"]
[WhiteElo "2335"]
[BlackElo "2410"]
[PlyCount "105"]
[EventDate "1983.??.??"]
[EventType "game"]
[EventRounds "1"]
[EventCountry "CUB"]
[SourceTitle "EXT 2010"]
[Source "ChessBase"]
[SourceDate "2010.11.25"]
[SourceVersion "1"]
[SourceVersionDate "2010.11.25"]
[SourceQuality "1"]

1. e4 c5 2. Nf3 d6 3. d4 cxd4 4. Nxd4 Nf6 5. Nc3 g6 6. Be3 Bg7 7. f3 0-0 8. Qd2 Nc6 9. g4 Be6 10. 0-0-0 Nxd4 11. Bxd4 Qa5 12. a3 Rfc8 13. h4 Rab8 14. Nd5 Qxd2+ 15. Rxd2 Bxd5 16. exd5 a6 17. Be2 Nd7 18. f4 Bxd4 19. Rxd4 b5 20. Rh3 Nb6 21. Re3 Kf8 22. b3 Rc5 23. Bf3 Rbc8 24. Be4 Nd7 25. Rd2 a5 26. g5 f5 27. Bf3 b4 28. axb4 axb4 29. Red3 Ra5 30. Rd4 Rc3 31. Be2 Nc5 32. Rxb4 Ne4 33. Rd3 Rc8 34. Bf3 Ra1+ 35. Kb2 Rf1 36. Bxe4 fxe4 37. Rxe4 Rh1 38. Rc3 Re8 39. f5 gxf5 40. Rf3 Kg7 41. Rxf5 Rh2 42. Rff4 h6 43. gxh6+ Kxh6 44. Rf7 Rc8 45. Rc4 Rxc4 46. bxc4 Rxh4 47. Rxe7 Rxc4 48. Re6+ Kg5 49. Rxd6 Kf5 50. Kb3 Rc5 51. c4 Ke5 52. Rh6 Rc8 53. Kc3 1-0

[Event "Havana"]
[Site "Havana"]
[Date "1983.??.??"]
[Round "2"]
[White "Fernandez Gonzalez, Juan Carlos"]
[Black "Garcia Palermo, Carlos H"]
[Result "1/2-1/2"]
[WhiteElo "2410"]
[BlackElo "2455"]
[PlyCount "65"]
[EventDate "1983.??.??"]
[EventType "tourn"]
[EventRounds "13"]
[EventCountry "CUB"]
[EventCategory "7"]
[SourceTitle "MCL"]
[Source "ChessBase"]
[SourceDate "1999.07.01"]
[SourceVersion "1"]
[SourceVersionDate "1999.07.01"]
[SourceQuality "1"]

1. d4 d5 2. Nf3 e6 3. g3 Nf6 4. Bg2 Be7 5. 0-0 0-0 6. c4 Nbd7 7. Nc3 dxc4 8. e4 c6 9. Qc2 b5 10. a4 b4 11. Ne2 Ba6 12. Rd1 Rc8 13. Nf4 c5 14. d5 exd5 15. Nxd5 Nxd5 16. Rxd5 Qe8 17. e5 Bb7 18. Rd1 Bxf3 19. Bxf3 Nxe5 20. Bd5 Bf6 21. Be3 Qe7 22. Be4 g6 23. Rd5 Rfe8 24. Re1 c3 25. bxc3 Nc4 26. Bd3 Bxc3 27. Bxc4 Bxe1 28. Qd1 Bc3 29. Rd7 Rcd8 30. Bxf7+ Qxf7 31. Rxd8 Rxd8 32. Qxd8+ Kg7 33. Bxc5 1/2-1/2

[Event "Havana"]
[Site "Havana"]
[Date "1983.??.??"]
[Round "5"]
[White "Fernandez Gonzalez, Juan Carlos"]
[Black "Sisniega, Marcel"]
[Result "1-0"]
[WhiteElo "2410"]
[BlackElo "2455"]
[PlyCount "81"]
[EventDate "1983.??.??"]
[EventType "tourn"]
[EventRounds "13"]
[EventCountry "CUB"]
[EventCategory "7"]
[SourceTitle "MCL"]
[Source "ChessBase"]
[SourceDate "1999.07.01"]
[SourceVersion "1"]
[SourceVersionDate "1999.07.01"]
[SourceQuality "1"]

1. c4 Nf6 2. Nc3 e6 3. Nf3 b6 4. e4 Bb7 5. d3 d6 6. g3 c5 7. Bg2 Nbd7 8. 0-0 Be7 9. b3 0-0 10. Re1 a6 11. d4 cxd4 12. Nxd4 Qc7 13. Bb2 Rfe8 14. Rc1 Rac8 15. a4 Bf8 16. Kh1 Qb8 17. g4 g6 18. g5 Nh5 19. Nde2 Bg7 20. Rc2 Nc5 21. Rd2 Be5 22. Ng3 Nf4 23. Bf1 Qa8 24. f3 Qb8 25. b4 Nd7 26. Qb3 Qc7 27. Nd1 Bxb2 28. Nxb2 d5 29. Qe3 Qe5 30. Rd4 Qd6 31. cxd5 e5 32. Rc4 Rxc4 33. Nxc4 Qxb4 34. Rc1 Qxa4 35. Nd6 Rb8 36. Rc4 Qd1 37. Rc7 Nxd5 38. exd5 Bxd5 39. Rxd7 Bxf3+ 40. Kg1 Bc6 41. Qf2 1-0

[Event "Havana"]
[Site "Havana"]
[Date "1983.??.??"]
[Round "12"]
[White "Zapata, Alonso"]
[Black "Fernandez Gonzalez, Juan Carlos"]
[Result "1-0"]
[WhiteElo "2425"]
[BlackElo "2410"]
[PlyCount "108"]
[EventDate "1983.??.??"]
[EventType "tourn"]
[EventRounds "13"]
[EventCountry "CUB"]
[EventCategory "7"]
[SourceTitle "MCL"]
[Source "ChessBase"]
[SourceDate "1999.07.01"]
[SourceVersion "1"]
[SourceVersionDate "1999.07.01"]
[SourceQuality "1"]

1. e4 c5 2. Nf3 d6 3. d4 cxd4 4. Nxd4 Nf6 5. Nc3 g6 6. Be2 Bg7 7. 0-0 0-0 8. Bg5 a6 9. Kh1 Nc6 10. Nb3 b5 11. a3 Bb7 12. f4 Na5 13. Nxa5 Qxa5 14. Bf3 Qc7 15. Qe1 Rad8 16. Qh4 Rfe8 17. Rae1 Qc4 18. Be2 Qc7 19. Bd3 d5 20. e5 Ne4 21. Bh6 Bh8 22. Ne2 f5 23. Nd4 e6 24. g4 Rd7 25. Re2 Qc5 26. Nb3 Qb6 27. h3 d4 28. Kh2 a5 29. Rg1 a4 30. Nd2 Nxd2 31. Rxd2 Rf7 32. Re2 Qc6 33. Reg2 Qd7 34. gxf5 exf5 35. Rg5 Be4 36. Qg3 Bg7 37. Bxg7 Rxg7 38. h4 Qd5 39. h5 Re6 40. Rxf5 Bxf5 41. Bxf5 Rc6 42. hxg6 hxg6 43. Rg2 Kh8 44. Bd3 Re6 45. Kg1 g5 46. Qh3+ Kg8 47. Qf5 Re8 48. Rxg5 Qf7 49. Qh7+ Kf8 50. Qh8+ Qg8 51. Qh6 Re6 52. Bg6 Rexg6 53. Rxg6 Kf7 54. e6+ Kf8 1-0

[Event "Capablanca Memorial-17"]
[Site "Cienfuegos"]
[Date "1981.06.06"]
[Round "12"]
[White "Fernandez Gonzalez, Juan Carlos"]
[Black "Zapata, Alonso"]
[Result "1/2-1/2"]
[WhiteElo "2440"]
[BlackElo "2420"]
[PlyCount "61"]
[EventDate "1981.05.22"]
[EventType "tourn"]
[EventRounds "13"]
[EventCountry "CUB"]
[EventCategory "9"]
[SourceTitle "EXT 2022"]
[Source "ChessBase"]
[SourceDate "2021.10.06"]
[SourceVersion "1"]
[SourceVersionDate "2021.10.06"]
[SourceQuality "1"]

1. d4 b5 2. e4 Bb7 3. Bxb5 Bxe4 4. Nf3 Nf6 5. 0-0 e6 6. b3 Be7 7. Bb2 0-0 8. Nbd2 Bb7 9. Bd3 a5 10. a3 c5 11. dxc5 Na6 12. Ng5 h6 13. Nge4 Nxe4 14. Nxe4 f5 15. Nd6 Nxc5 16. Nxb7 Nxb7 17. c4 Qb6 18. Rb1 Bf6 19. b4 axb4 20. axb4 d6 21. Be2 Nd8 22. Bf3 Rc8 23. c5 dxc5 24. bxc5 Qxc5 25. Rc1 Bxb2 26. Rxc5 Rxc5 27. Qd6 Rc2 28. Qd3 Rc7 29. Bd1 Bf6 30. Bb3 Rc3 31. Qb1 1/2-1/2